Biện pháp quản lý công tác giáo dục quốc phòng - an ninh cho sinh viên phân hiệu Trường Đại học Nông Lâm thành phố Hồ Chí Minh tại Gia Lai
Cơ sở lý luận về quản lý công tác giáo dục quốc phòng – an ninh cho sinh viên trường Đại học. Thực trạng quản lý công tác giáo dục quốc phòng – an ninh cho sinh viên Phân hiệu Trường Đại học Nông Lâm TP.HCM tại Gia Lai. Biện pháp quản lý công tác giáo dục quốc phòng – an ninh cho sinh viên Phân hiệu...
Uloženo v:
| Hlavní autor: | |
|---|---|
| Další autoři: | |
| Médium: | Kniha |
| Jazyk: | Vietnamese |
| Vydáno: |
Đà Nẵng
Đại học Đà Nẵng
2015
|
| Témata: | |
| Tagy: |
Přidat tag
Žádné tagy, Buďte první, kdo otaguje tento záznam!
|
| Thư viện lưu trữ: | Mạng thư viện Đại học Đà Nẵng |
|---|
| LEADER | 01981nam a2200349 4500 | ||
|---|---|---|---|
| 001 | 000023409 | ||
| 003 | 19860 | ||
| 005 | 20151207111252.0 | ||
| 008 | 151201s2015 viesd | ||
| 041 | |a vie | ||
| 082 | 1 | 4 | |a 378.015 |b PH-T |
| 100 | 1 | |a Phạm Thị Tùng | |
| 245 | 1 | |a Biện pháp quản lý công tác giáo dục quốc phòng - an ninh cho sinh viên phân hiệu Trường Đại học Nông Lâm thành phố Hồ Chí Minh tại Gia Lai |c Phạm Thị Tùng ; Bùi Việt Phú hướng dẫn. |k Luận văn Thạc sĩ | |
| 260 | |a Đà Nẵng |b Đại học Đà Nẵng |c 2015 | ||
| 300 | |a 98 tr., phụ lục 11 tr. |c 29 cm. |e Tóm tắt | ||
| 500 | |a Luận văn thạc sĩ Quản lý giáo dục. Chuyên ngành: Quản lý giáo dục. Mã số: 60.14.01.14 | ||
| 520 | 3 | |a Cơ sở lý luận về quản lý công tác giáo dục quốc phòng – an ninh cho sinh viên trường Đại học. Thực trạng quản lý công tác giáo dục quốc phòng – an ninh cho sinh viên Phân hiệu Trường Đại học Nông Lâm TP.HCM tại Gia Lai. Biện pháp quản lý công tác giáo dục quốc phòng – an ninh cho sinh viên Phân hiệu Trường Đại học Nông Lâm TP. HCM tại Gia Lai | |
| 650 | 0 | 4 | |a Giáo dục đại học |v Luận văn tốt nghiệp |x Quản lý |z Gia Lai |
| 653 | |a Giáo dục đại học | ||
| 653 | |a Giáo dục quốc phòng an ninh | ||
| 653 | |a Quản lý giáo dục | ||
| 700 | 1 | |a Bùi Việt Phú |c TS. |e Hướng dẫn | |
| OWN | |a LSP | ||
| AVA | |a UDN50 |b LSP |d 378.015 PH-T |e available |t Error 5001 Not defined in file expand_doc_bib_avail. |f 1 |g 0 |h N |i 0 |k 1 | ||
| 999 | |a From the UDN01 | ||
| AVA | |a UDN50 |b LSP |d 378.015 PH-T |e available |t Error 5001 Not defined in file expand_doc_bib_avail. |f 1 |g 0 |h N |i 0 |k 1 | ||
| TYP | |a Monograph | ||
| TYP | |a Printed language | ||
| 980 | |a Mạng thư viện Đại học Đà Nẵng | ||